| 000 | 01539nam a2200385 a 4500 | ||
|---|---|---|---|
| 001 | ebr5000187 | ||
| 003 | CaPaEBR | ||
| 006 | m u | ||
| 007 | cr cn||||||||| | ||
| 008 | 000317s2000 ne sb 001 0 eng | ||
| 010 | _z 99029871 | ||
| 015 | _aGBA0-22153 | ||
| 016 | 7 |
_a1556196547 _2Uk |
|
| 020 | _z1556196547(cased) | ||
| 020 | _z9027229406(variant) | ||
| 040 |
_aCaPaEBR _cCaPaEBR |
||
| 035 | _a(OCoLC)70769218 | ||
| 050 | 1 | 4 |
_aP299.R38 _bR43 2000eb |
| 082 | 0 | 4 |
_a415 _221 |
| 245 | 0 | 0 |
_aReciprocals _h[electronic resource] : _bforms and functions / _cedited by Zygmunt Frajzyngier, Traci S. Curl. |
| 260 |
_aAmsterdam ; _a[Great Britain] : _bJohn Benjamins, _cc2000. |
||
| 300 | _axi ,201 p. | ||
| 490 | 1 |
_aTypological studies in language, _x0167-7373 ; _vv. 41 |
|
| 504 | _aIncludes bibliographical references and indexes. | ||
| 533 |
_aElectronic reproduction. _bPalo Alto, Calif. : _cebrary, _d2013. _nAvailable via World Wide Web. _nAccess may be limited to ebrary affiliated libraries. |
||
| 650 | 0 |
_aGrammar, Comparative and general _xReciprocals. |
|
| 650 | 0 |
_aGrammar, Comparative and general _xReflexives. |
|
| 650 | 0 |
_aGrammar, Comparative and general _xGrammaticalization. |
|
| 655 | 7 |
_aElectronic books. _2local |
|
| 700 | 1 | _aFrajzyngier, Zygmunt. | |
| 700 | 1 | _aCurl, Traci S. | |
| 710 | 2 | _aebrary, Inc. | |
| 830 | 0 |
_aTypological studies in language ; _vv. 41. |
|
| 856 | 4 | 0 |
_uhttp://site.ebrary.com/lib/rucke/Doc?id=5000187 _zAn electronic book accessible through the World Wide Web; click to view |
| 999 |
_c2175 _d2175 |
||